Mistrovství v PHP 5
Saved in:
| Main Authors: | , , |
|---|---|
| Format: | Book |
| Language: | Czech |
| Published: |
Brno :
CP Books,
2005
|
| Edition: | 1. vyd |
| Subjects: | |
| Tags: |
No Tags, Be the first to tag this record!
|
MARC
| LEADER | 00000nam a22000003a 4500 | ||
|---|---|---|---|
| 001 | stu102458 | ||
| 005 | 20150617225826.7 | ||
| 008 | 060110s2005----xr------------------cze-d | ||
| 020 | |a 80-251-0799-X | ||
| 040 | |a STU |b slo | ||
| 041 | 0 | |a cze | |
| 044 | |a xr | ||
| 080 | |a 004.42 PHP | ||
| 100 | 1 | |a Gutmans, Andi |4 aut | |
| 245 | 1 | |a Mistrovství v PHP 5 | |
| 250 | |a 1. vyd | ||
| 260 | |a Brno : |b CP Books, |c 2005 | ||
| 300 | |a 655 s | ||
| 650 | 7 | |a programovacie jazyky |2 stusub | |
| 700 | 1 | |a Bakken, Stig Saether |4 aut | |
| 700 | 1 | |a Rethans, Derick |4 aut | |
| 996 | |b 284EK86913 |c E*86913 |l EE08 |s P |a 0 |w stu102458_0001 | ||
| 996 | |b 284M063975 |c M*11820-1 |l MMKN |s A |a 24 |w stu102458_0002 | ||